Get Through Final FRCR Part A: SBAs for the mudular examination (Record no. 5354)

MARC details
000 -LEADER
fixed length control field 00598nam a22002057a 4500
003 - CONTROL NUMBER IDENTIFIER
control field OSt
005 - DATE AND TIME OF LATEST TRANSACTION
control field 20161013192313.0
008 - FIXED-LENGTH DATA ELEMENTS--GENERAL INFORMATION
fixed length control field 161013b xxu||||| |||| 00| 0 eng d
020 ## - INTERNATIONAL STANDARD BOOK NUMBER
International Standard Book Number 9781853158490
040 ## - CATALOGING SOURCE
Transcribing agency DNLM
082 ## - DEWEY DECIMAL CLASSIFICATION NUMBER
Classification number WB18 G33m 2011
100 ## - MAIN ENTRY--PERSONAL NAME
Personal name Budder, Megan [et....al]
9 (RLIN) 11198
245 ## - TITLE STATEMENT
Title Get Through Final FRCR Part A: SBAs for the mudular examination
260 ## - PUBLICATION, DISTRIBUTION, ETC. (IMPRINT)
Place of publication, distribution, etc. UK; Royal society of medicine Press, 2011
300 ## - PHYSICAL DESCRIPTION
Extent x,369p;ill: 24cm
504 ## - BIBLIOGRAPHY, ETC. NOTE
Bibliography, etc References included
650 ## - SUBJECT ADDED ENTRY--TOPICAL TERM
Topical term or geographic name as entry element Medicine MCQs
9 (RLIN) 11197
650 ## - SUBJECT ADDED ENTRY--TOPICAL TERM
Topical term or geographic name as entry element Final FRCR examination
9 (RLIN) 11199
942 ## - ADDED ENTRY ELEMENTS (KOHA)
Source of classification or shelving scheme Other/Generic Classification Scheme
Koha item type Open Shelf
Holdings
Withdrawn status Lost status Source of classification or shelving scheme Damaged status Not for loan Home library Current library Date acquired Source of acquisition Inventory number Total Checkouts Full call number Barcode Date last seen Koha item type
    Other/Generic Classification Scheme     MUST Main Library MUST Main Library 13/10/2016   14/38269   WB18 G33m 2011 2016-4788 13/10/2016 Open Shelf
    Other/Generic Classification Scheme     MUST Main Library MUST Main Library 13/10/2016   14/38270   WB18 G33m 2011 2016-4789 13/10/2016 Open Shelf